000 00649nam a2200241 a 4500
001 nice12345678
003 IN_TiNIC
005 20260116011347.0
008 050524s1900 teha grp 000 0 per
020 _a
_c100
082 0 0 _a297.4
_bMOO2
100 _aMoosvi, Al-Khalkhabi
245 _aSharah-E-Manaqib Mohiuddin Ibn Arabi
260 _aTehran
_bKhursheed Library
_c1900
300 _a382p
500 _aincludes index and biblioraphy
505 2 _aAramaic Approach to the Four Gospels By Archdeacon Barkat Ullah
650 _aSufism-Ibn Arabi
700 1 _aMoosvi, Al-Khalkhabi
902 _bSRS
942 _cBK
999 _c843
_d843